000 00488nam a22002057a 4500
999 _c10232
_d10232
001 10232
003 OSt
005 20180421180644.0
008 180421b1957 uk ||||| |||| 00| 0 eng d
035 _a(BD-JhCC)10232
040 _aBD-JhCC
_dBD-JhCC
041 _aeng
082 _a925.3
_bMOO 1957
100 _aMoore, Mary F.
245 _aMarie Curie Discover of Radium /
_c Mary F. Moore
300 _a61 p. :
_c18 cm.
650 _aBiography
942 _2ddc
_cBK